00446nam a2200145 a 4500008004100000020001500041050001700056100001800073245004800091246004100139260005900180300003000239350000900269700002200278120416s0000 ||||||||||||||||| || u a0946967008 aRA 971.3 Hea aGretton, John10aHealth care, UKcedited by Anthony Harrison aan economic, social and policy audit aLondonbChartered Institute of Public Finance anc1984 a132 pages : illustrations a0.00 aHarrison, Anthony